| 000 | 00900nam a22002657a 4500 | ||
|---|---|---|---|
| 001 | 8952 | ||
| 003 | FISKH | ||
| 005 | 20251111095223.0 | ||
| 008 | 251111b cb ||||| |||| 00| 0 eng d | ||
| 040 |
_aFISKH _beng _cFISKH _dFISKH |
||
| 050 | _aAG195 | ||
| 082 | _a030 | ||
| 100 |
_aSmith, Kathie Billingslea _eAuthor |
||
| 245 |
_aWhy? : _bA question book from discovery toys / _cBy Kathie Billingslea Smith ; Illustrated by Robert S. Storms |
||
| 260 |
_aMartinez : _bOttenheimer , _c1985 |
||
| 300 |
_a24 unnumbered pages : _bcolor illustrations ; _c21 cm |
||
| 505 | _aG | ||
| 520 | _aProvides the answers to common questions concerning subjects such as gravity, bees, baldness, tides, and the moon | ||
| 521 | 8 |
_a400
_bLexile estimate |
|
| 521 | 8 |
_aG
_bRaz-Plus |
|
| 650 |
_aScience nonfiction _vQuestion book |
||
| 700 | _aStorms, Robert S. | ||
| 942 |
_2ddc _cBK _n0 |
||
| 999 |
_c8952 _d8952 |
||